000 00674nam a2200217 i 4500
001 98495
003 ES-MaACL
005 20260301183522.0
007 t|
008 050923s1959 sp |||| |bspa d
080 _a929 Alfonso (460) XII
100 1 _aTavera Baz, José María.
_9109420
245 1 0 _aAlfonso XII, voy en busca de Mercedes /
_cJosé María Tavera.
260 _aBarcelona :
_bCedro,
_c[1959]
300 _a157 p. ;
_c18 cm.
490 1 _aEl personaje y su historia ;
_v5
600 0 4 _aAlfonso
_bXII,
_cRey de España
_919874
830 0 _aEl personaje y su historia ;
_v5
_9184409
852 _aES-MaACL
_jE-5142
999 _c98495
_d98495